000 00495nam a2200181Ia 4500
008 240729s9999 xx 000 0 und d
022 _a2948-1767
245 0 _anpj Viruses
260 _aUnited Kingdom
260 _bNature Portfolio
650 _a Biology (General)
650 _a Infectious and parasitic diseases | Science
650 _a Internal medicine
650 _aMedicine
856 _uhttps://doaj.org/toc/865e3777a9bd4c5e866778120611f84c
942 _2ddc
942 _cDOAJEJ
999 _c66902
_d66902
945 _a1
_bMadushi Gamage
_c1
_dMadushi Gamage